000 00854nam a2200229Ia 4500
999 _c38761
_d38761
001 5097
003 GE_BSU
005 20190427220412.0
008 181216s2001||||ge |||||||||||||| ||geo||
040 _cGE_BSU
041 _ageo
080 _a624.15(075.8) ქ-56
100 _aქიქავა, თ.
_9510
245 _aფუძე-საძირკვლები :
_bსახელმძღვ. / თ. ქიქავა ; რედ. ი. დიდმანიძე.
264 _aბათუმი :
_bაჭარა ;
_c2001.
300 _a228 გვ. :
_bნახაზები ;
_c22 სმ.
504 _aბიბლიოგრ. : 225-227.
541 _h9ლ.50თ.
653 _aფუძე-საძირკვლები
700 _aდიდმანიძე. ი.
_eრედაქტორი
_9511
942 _cBK
_2udc